| 000 | 00756nam a2200229 a 4500 | ||
|---|---|---|---|
| 001 | 000081591 | ||
| 005 | 20200120224605.0 | ||
| 008 | 161123s2014 ck o|||gr|||| 001 ||spa d | ||
| 020 | _a9789962041122 | ||
| 041 | 0 | _a+¿spa | |
| 043 | _as-ck--- | ||
| 082 | 0 | 4 |
_a646.727 _bU51d _221 |
| 245 | 1 | 0 |
_aUñas decoradas : _b[Técnica artficial 3D; técnica moldeadas en alto y bajo relieve; técnica artificial con gota de arte; técnica resina pincelada china]. |
| 260 |
_aBogotá : _bLexus, _c2014. |
||
| 300 |
_a198 páginas : _bfotografias a color. |
||
| 500 | _aIncluye índice | ||
| 650 | 1 | 7 |
_aManicura _2LEMB |
| 650 | 2 | 7 |
_aBelleza personal _2LEMB |
| 650 | 2 | 7 |
_aUñas _xCuidado e higiene _2LEMB |
| 650 | 2 | 7 |
_aUñas _xEstética |
| 650 | 2 | 7 |
_aUñas _xEnfermedades |
| 999 |
_c10003 _d10003 |
||